Statistics for Countries that were once Neutral

Click here to take the quiz!

General Stats

  • This quiz has been taken 26 times
  • The average score is 13 of 23

Answer Stats

Period(s) of NeutralityCountry% Correct
1839-1914, 1936-1940Belgium
83%
1839-1940Netherlands
83%
1814-1940Norway
83%
1932-1945Portugal
83%
1914-1918, 1940-1945Spain
83%
1940-1945Turkey
78%
1864-1940Denmark
74%
1914-1917, 1939-1941United States
74%
1839-1914, 1920-1940Luxembourg
61%
1914-1915Italy
57%
1939-1945Argentina
52%
1956Hungary
52%
1914-1918, 1968Albania
48%
1938-1939Estonia
48%
1914-1918, 1939-1945Iran (Persia)
48%
1938-1939Latvia
48%
1939Lithuania
48%
1914-1918, 1939-1945Afghanistan
39%
1914-1918Ethiopia
39%
1990-2014Ukraine
39%
1955-1970Cambodia
26%
1939-1945Bhutan
22%
1955-1975Laos
22%

Score Distribution

Percentile by Number Answered

Percent of People with Each Score

Your Score History

You have not taken this quiz